| 000 | 00355 a2200157 4500 | ||
|---|---|---|---|
| 001 | 181580 | ||
| 020 | _a | ||
| 040 | _cMagnum | ||
| 100 | _aMartins, Mauro | ||
| 240 | 1 | 0 |
_aDe trote em trote agarrei o velhote _lpor |
| 245 | 1 | 0 | _aDe trote em trote agarrei o velhote |
| 362 | 0 | _a1899 | |
| 440 | 1 | _aModerna | |
| 697 | _aMAGNITO: IJ/GERAL | ||
| 942 | _cBK | ||
| 999 |
_c181580 _d181580 |
||